000 00378nam a2200145Ia 4500
008 230917s9999||||xx |||||||||||||| ||und||
040 _e203027
_aMAIN
041 _aEnglish
082 _a355.00954 J559I
100 _aJha, U C
245 0 _aIndian armed forces socio-legal perspectives
260 _aNew Delhi
_bVij Books India
_c2010
300 _axiii, 264 p.
942 _cBK
999 _c171188
_d171188